MVDr. Dušan Podmanický, PhD : vybrané prednášky /

Gespeichert in:
Bibliographische Detailangaben
1. Verfasser: Šťastný, Pavel (VerfasserIn)
Format: Buch
Sprache:Slowakisch
Veröffentlicht: [S.l.] : [s.n.], 2009
Ausgabe:[1. vyd.]
Schlagworte:
ISBN:9788097017200
Online-Zugang: Volltext
Tags: Tag hinzufügen
Keine Tags, Fügen Sie den ersten Tag hinzu!

MARC

LEADER 00000nlm a2200000 4500
003 SK-BrCVT
005 20220618081103.0
008 090810s2009 xo e ||||||slo d
020 |a 9788097017200 
035 |a CVTIDW1504121 
040 |b slo  |a CVTI SR  |e AACR2 
041 0 |a slo 
044 |a xo 
080 |a 636.09  |2 UDC-MRF 
080 |a 614.9  |2 UDC-MRF 
100 1 |a Šťastný, Pavel,  |4 aut 
245 1 0 |a MVDr. Dušan Podmanický, PhD :  |b vybrané prednášky /  |c Spracoval: Pavel Šťastný  |h [elektronický zdroj] 
250 |a [1. vyd.] 
260 |a [S.l.] :  |b [s.n.],  |c 2009 
300 |a 1 CD-ROM 
653 1 |a veterinárstvo  |a choroba ošípaných  |a hovädzí dobytok  |a výživa  |a reprodukcia 
910 |b Z000518 
919 |a 978-80-970172-0-0 
974 |f Knihy 
992 |a JDC 
992 |a APH 
999 |c 195988  |d 195988